000 08710nam a22004457a 4500
003 EG-GICUC
005 20260426115942.0
008 260426s2025 ua a ||frm||| 000 0 eng d
040 _aEG-GICUC
_beng
_cEG-GICUC
_dEG-GICUC
_erda
041 0 _aeng
_beng
_bara
049 _aDeposit
082 0 4 _a617.6342
092 _a617.6342
_221
097 _aPh.D
099 _aCai01.09.02.Ph.D 2025.Mo.E
100 0 _aMohammed Fawzy Omar Mohammed Habib,
_epreparation.
245 1 4 _aThe effect of final irrigation using antimicrobial-corticosteroid mixture versus cryotherapy on post- instrumentation pain and microbial reduction in patients having single canal- teeth with necrotic pulps :
_ba randomized clinical trial /
_cby Mohammed Fawzy Omar Mohammed Habib ; Supervisors Prof. Dr. Maged Mohammed Negm, Prof. Dr. Alaa Abd Elsalam El-Baz, Prof. Dr. Sherifa Tarek Bassiouni.
246 1 5 _aتأثير الإرواء النهائى باستخدام خليط من مضادات الميكروبات ومضادات الالتهاب مقابل العلاج بالتبريد على ألم ما بعد توسعة القنوات العصبية وعلى تقليل أعداد الميكروبات فى المرضى أصحاب الأسنان أحادية القناة الجذرية ذات اللب النخرى:
_b تجربة سريرية بالانتقاء العشوائى
264 0 _c2025.
300 _a121 pages :
_billustrations ;
_c25 cm. +
_eCD.
336 _atext
_2rda content
337 _aUnmediated
_2rdamedia
338 _avolume
_2rdacarrier
502 _aThesis (Ph.D)-Cairo University, 2025.
504 _aBibliography: pages 111-119.
520 3 _aAim: To compare the effect of a final irrigation with antimicrobial - corticosteroid mixture with cryotherapy on post-instrumentation pain and microbial reduction in patients with single canal teeth with necrotic pulps and asymptomatic apical periodontitis. Methodology: Twenty-eight patients having single canal teeth diagnosed with necrotic pulp and asymptomatic apical periodontitis were recruited to participate in the study. Root canal treatment was performed in two visits. At the first visit, access cavity was prepared, preoperative microbial samples (S1) were collected, mechanical preparation was performed using Hyflex CM files with 2.5% NaOCl irrigation, then post-instrumentation microbial samples (S2) were collected. Patients were then randomly allocated according to the final irrigation either to the “Mix group” receiving a mixture of levofloxacin, dexamethasone and fluconazole or to the “Cryo group” receiving cryotherapy, then the third microbial samples (S3) were collected. Patients were requested to record their pain intensity on a 10-point numerical rating scale (NRS) at 6,12, 24, 48 and 72 hours postoperatively. In the recall visit after 1 week, after confirming that patients were asymptomatic, canal irrigation was done with17% EDTA, saline and 2.5% NaOCl, then master cone fit and obturation were performed. Results: The two groups showed no significant increase in postoperative pain intensity at all time intervals compared to preoperative pain intensity. The two groups showed mild pain intensity at 6 and 12 hours postoperatively with no significant difference between the two groups. Moreover, no pain was reported in both groups at 24, 48 and 72 hours postoperatively. At the post-final irrigation microbial samples, both groups showed significant bacterial and candidal load reduction. vii Conclusion: There were no differences between the two groups regarding pain intensity, bacterial load and candidal load at all time intervals. In necrotic teeth with asymptomatic apical periodontitis, both the antimicrobial-corticosteroid mixture and the cryotherapy groups are suitable for use as a final irrigation after mechanical preparation in presence of 2.5% sodium hypochlorite to reduce postoperative pain and intracanal microbial loads. Clinical relevance: Teeth with necrotic pulps and asymptomatic apical periodontitis could be successfully treated with the use of the lower concentration (2.5%) NaOCl combined with either antimicrobial-corticosteroid mixture or cryotherapy with minimal postoperative pain intensity. This can help avoiding the hazards and complications of the full concentration 5.25% NaOCl.
520 3 _aهدف البحث: مقارنة تأثير الإرواء النهائي بمزيج مضاد للميكروبات والكورتيكوستيرويد مقابل العلاج بالتبريد على الألم بعد تحضير القنوات العصبية وعلى خفض الحمل الميكروبى لدى المرضى ذوى الأسنان أحادية القناة ذات اللب النخرى والتهاب ما حول الذروة عديم الأعراض. منهجية البحث: شملت الدراسة ثمانيةً وعشرين مريضاً لديهم أسنان أحادية القناة ذات اللب النخرى والتهاب ما حول الذروة عديم الأعراض. أثناء الزيارة الأولى، تم تعقيم حقل السن وتحضير حفرة الدخول، ثم تحضير القناة العصبية باستخدام مبارد من نوع Hyflex CM مع الإرواء بمحلحل هيبوكلوريت الصوديوم بتركيز %2.5، بعد ذلك، تم توزيع المرضى عشوائياً بحسب نوع اللإرواء النهائي إلى إحدى مجموعتين، مجموعة المزيج: تلقت الإرواء النهائي بمزيج من الليفوفلوكساسين، الديكساميثازون، والفلوكونازول، أو مجموعة العلاج بالتبريد: تلقت الإرواء النهائي بالمحلول الملحى البارد داخل القناة. تم بعد ذلك أخذ عينات ميكروبية على ثلاث مراحل: قبل المعالجة، بعد التحضير، وبعد الإرواء النهائي، ثم تمت زراعة العينات في المختبر لفحص الحمل البكتيرى وحمل فطر الكانديدا في كل مرحلة. تم توجيه المرضى لاستخدام المقياس الرقمى لتقييم ألم ما بعد التحضير حتى 72 ساعة. بعد ذلك، تم تحديد موعد الزيارة الثانية بعد أسبوع، حيث أجريت عملية حشو القناة بعد التأكد من غياب العلامات والأعراض السريرية. النتائج: لم تُظهر النتائج أي زيادة ذات دلالة إحصائية في شدة الألم بعد المعالجة في جميع أزمنة القياس مقارنةً بما قبل المعالجة. بالإضافة إلى ذلك، تم تسجيل ألم طفيف في المجموعتين بعد 6 و12 ساعة من المعالجة دون وجود فارق ذي دلالة إحصائية بينهما، بينما لم يُسجل أي ألم في الفترات بعد 24 و 48 و 72 ساعة من المعالجة. وبالنظر إلى العينات الميكروبية بعد الإرواء النهائي، فقد أظهرت الزراعة انخفاضاً حاداً ذو دلالة إحصائية في الحمل الميكروبى والفطرى في المجموعتين دون وجود فارق ذي دلالة إحصائية بينهما. الاستنتاج: إن الإرواء النهائي باستخدام مزيج المضاد للميكروبات والكورتكوستيرويد أو العلاج بالتبريد بعد الإرواء بهيبوكلوريت الصوديوم %2.5 يؤدى إلى تحسن ملحوظ في السيطرة على الألم بعد المعالجة، كما يسهم في تقليل الحمل الميكروبى داخل القنوات العصبية.
530 _aIssues also as CD.
546 _aText in English and abstract in Arabic & English.
650 0 _aEndodontics
650 0 _aعلاج الجذور
653 1 _aLevofloxacin
_aDexamethasone
_aFluconazole
_aCryotherapy
_aPostoeprative pain
_aPost-instrumentation pain
_aAsymptomatic apical periodontitis
700 0 _aMaged Mohammed Negm
_ethesis advisor.
700 0 _aAlaa Abd Elsalam El-Baz
_ethesis advisor.
700 0 _aSherifa Tarek Bassiouni
_ethesis advisor.
900 _b01-01-2025.
_cMaged Mohammed Negm
_cAlaa Abd Elsalam El-Baz
_cSherifa Tarek Bassiouni
_dNihal Ezzat Sabet
_dAbeer Hashem Mahran
_UCairo University
_FFaculty of Dentistry
_DDepartment of Endodontics.
905 _aShimaa
942 _2ddc
_cTH
_e21
_n0
999 _c179720